Un TLC a ojos cerrados

Պահպանված է:
Մատենագիտական մանրամասներ
Ձևաչափ: Տեքստ
Խորագրեր:
Ցուցիչներ: Ավելացրեք ցուցիչ
Չկան պիտակներ, Եղեք առաջինը, ով նշում է այս գրառումը!

MARC

LEADER 00000 a a2200000 04500
001 6647
003
040
245 |a Un TLC a ojos cerrados  
650 |a TLC  
650 |a NEGOCIACIONES COMERCIALES  
650 |a POLITICA EXTERIOR  
773 |g volumen 23, número 1039; páginas 12-14  
999 |c 38815  |d 38815